00851nam a2200253 ia450000500170000000800410001702000230005802000380008104000250011908200150014410000320015924500480019126400630023930000460030233600210034833700250036933800230039449000360041765000320045365000220048565000240050765000300053183000360056120250921124524.0250921s2025 my a br 000 1 eng d a9786297619088qset a9786297619101cRM24.75qpaperback aPPAKbengcPPAKerda04223a823.920 aLidhya Shree Devi,eauthor.10aMIND YOUR OWN BUSINESS /cLidhya Shree Devi 1aSRI PETALING, KUALA LUMPUR :bPUSTAKA AKAL ILMU, c[2025?] a32 pages :bcolour illustrations ;c26 cm atext2rdacontent aunmediated2rdamedia avolume2rdacarrier1 aAnimal Stories On Moral Lessons10aChildren's stories, English20aAnimals vFiction20aFriendshipvFiction20aDidactic fiction, English 0aAnimal stories on moral lessons